Philosophical foundations of education (Record no. 358551)

MARC details
000 -LEADER
fixed length control field 00458 a2200169 4500
005 - DATE & TIME
control field 20250509114538.0
008 - FIXED-LENGTH DATA ELEMENTS--GENERAL INFORMATION
fixed length control field 250507b |||||||| |||| 00| 0 eng d
020 ## - ISBN
International Standard Book Number 9788173915393
Price Rs. 1295.00
040 ## - CATALOGING SOURCE
Original cataloging agency VIVEKANANDA LIBRARY
082 ## - DDC NUMBER
Classification number 370.1
Book Number S86P
100 ## - MAIN ENTRY--PERSONAL NAME
Personal name Shrivastava, K K
245 ## - TITLE STATEMENT
Title Philosophical foundations of education
260 ## - PUBLICATION, DISTRIBUTION, ETC. (IMPRINT)
Name of publisher, distributor, etc Kanishka Publishers and Distributors
Date of publication, distribution, etc 2023
Place of publication, distribution, etc New Delhi
300 ## - PHYSICAL DESCRIPTION
Pages xv, 374
650 ## - Subject
Subject Education
942 ## - ADDED ENTRY ELEMENTS (KOHA)
Koha item type Books
Holdings
Withdrawn status Lost status Source of classification or shelving scheme Damaged status Not for loan Location (home branch) Sublocation or collection (holding branch) Shelving location Date acquired Koha issues (times borrowed) Koha full call number Accession No. Koha date last seen Koha item type
    Dewey Decimal Classification     VIVEKANANDA LIBRARY VIVEKANANDA LIBRARY Vivekananda Library 21/01/2025   370.1 S86P 441669 21/01/2025 Books
© Designed and Maintained by Vivekananda Library, MDU Rohtak